000 01241cam a22001934a 4500
005 20250605164148.0
008 250528s ||||||||||||||||||||||||d
035 _a19277
040 _aGR-AtMCL
_bgre
_dGR-AtMCL
_eAACR2
245 1 _aΕταιρική Κοινωνική Ευθύνη
250 _a
260 _bΣταμούλης,
_c2011
300 _a516
520 _aΗ Εταιρική Κοινωνική Ευθύνη ως Διεθνής Διάσπαση, Έννοια και Περιεχόμενο της Εταιρικής Κοινωνικής Ευθύνης, Η Τριμερής Διάσταση της Εταιρικής Κοινωνικής Ευθύνης, Θεσμοί και Όργανα και Πρωτοβουλίες για την ΕΚΕ σε Διεθνές Επίπεδο, Η Οργάνωση και Διοίκηση της Εταιρικής Κοινωνικής Ευθύνης, Τα Πρότυπα της Εταιρικής Κοινωνικής Ευθύνης, Δείκτες Εταιρικής Κοινωνικής Ευθύνης, Ανακεφαλαίωση, Ασκήσεις, Βιβλιογραφία.
700 1 _aΒαξεβανίδου Μαρία
_95512
942 _cBK
999 _c4541
_d4541